000 01177nam a22003737a 4500
001 056
003 DO-SdBNP
005 20180220153332.0
007 056
008 151005b1991sp 00| 0 spa d
020 _a8434812444
040 _aBPMSU
_bspa
_cBPMSU
082 _a863.6
_bC386m 1991
092 _a
_b
100 1 _aCañizo Perate, José Antonio del.
245 1 0 _aEl maestro y el robot /
_cJosé A. del Cañizo ; ilustración Arcadio Lobato ; colección dirigida por Marinella Terzi
250 _a11a. ed.
260 _aMadrid :
_bEdiciones SM,
_c1991
300 _a154 p. :
_bil. ;
_c19 cm.
490 1 _aEl barco de vapor
_v49/11
490 1 _aRoja
500 _aA partir de 12 años
521 1 _a
586 _aPremio Nacional a la mejor labor editorial en literatura juvenil
586 _a Obra premiada en el concurso literario de la Fundación Santa María
650 _aCUENTOS JUVENILES ESPAÑOLES
700 1 2 _aLobato, Arcadio
_eil.
700 1 2 _aTerzi, Marinella
_edir.
830 0 _aBarco de vapor
_n49/11
_pRoja
910 _a202
942 _2ddc
_cBK
945 _aInventariado, 2018 / BT
956 _a VMATEO
_b10
_c20161020
_dBPMSU
_f0069
999 _c11626
_d11626